000 00316nam a2200133Ia 4500
005 20251223000718.0
008 251222s9999||||xx |||||||||||||| ||spa||
020 _a9810559283
082 _a658.11/A64
245 0 _aFormalización y Financiamiento de la MYPE:
250 _a1ra.ed.
264 _bAPEC
942 _cLIB
999 _c41560
_d41560